[Event "Druzynowe Mistrzostwa Polski Juniorow - II Liga"]
[Site "Iwonicz"]
[Date "2016-07-31"]
[Round "5.12"]
[White "Raczykowska, Paulina"]
[Black "Furtak, Joanna"]
[Result "1-0"]
[WhiteTitle "I+"]
[BlackTitle "I+"]
[WhiteElo "1679"]
[BlackElo "1686"]

1. e4 e5 2. Nf3 Nc6 3. d4 exd4 4. Nxd4 Qh4 5. Nc3 Bb4 6. Ndb5 Qxe4+ 7. Be2 Bxc3+
8. bxc3 Kd8 9. O-O a6 10. Nd4 Nxd4 11. cxd4 Nf6 12. Bf3 Qg6 13. Re1 d6 14. Rb1
Rb8 15. Bc6 b5 16. Bf4 Bd7 17. d5 Nh5 18. Be3 Bxc6 19. dxc6 Re8 20. c4 Re5 21.
Ba7 Rxe1+ 22. Qxe1 Ra8 23. cxb5 Rxa7 24. b6 cxb6 25. Rxb6 Qe6 26. Qb1 Ke7 27.
Rb7+ Kf6 28. Rxa7 Nf4 29. h3 Qd5 30. Qf1 Qxc6 31. Rxa6 Qd7 32. Qd1 Ke7 33. Qd2
Ne6 34. Qe3 Kf6 35. a4 d5 36. Ra5 d4 37. Qf3+ Ke7 38. Rb5 Nc7 39. Re5+ Ne6 40.
Qb3 Qc7 41. Rd5 Qc1+ 42. Kh2 Qf4+ 43. Kg1 Qc1+ 44. Kh2 Qf4+ 45. Qg3 Qe4 46. Qd6+
Kf6 47. a5 g5 48. a6 g4 49. hxg4 Qxg4 50. a7 Qh4+ 51. Kg1 Qh6 52. Rxd4 1-0

[Event "Druzynowe Mistrzostwa Polski Juniorow - II Liga"]
[Site "Iwonicz"]
[Date "2016-07-31"]
[Round "5.13"]
[White "Adamczewski, Maciej"]
[Black "Leskiewicz, Ignacy"]
[Result "1-0"]
[WhiteTitle "I++"]
[BlackTitle "I"]
[WhiteElo "1979"]
[BlackElo "1921"]

1. d4 Nf6 2. c4 g6 3. Nc3 Bg7 4. g3 O-O 5. Bg2 d6 6. Nf3 Nc6 7. O-O a6 8. e4 Bg4
9. h3 Bxf3 10. Bxf3 e5 11. d5 Nd4 12. Bg2 Nd7 13. Be3 f5 14. exf5 Nxf5 15. Bd2
Nf6 16. Ne4 Nxe4 17. Bxe4 Qd7 18. Kg2 Rf7 19. Qb3 b6 20. Qd3 Nd4 21. Be3 a5 22.
Rae1 Re8 23. Qd1 Nf5 24. Qc1 Nxe3+ 25. Qxe3 Qe7 26. h4 Qf8 27. h5 Bh6 28. Qe2
gxh5 29. Qxh5 Rf6 30. Re2 Qf7 31. Rh1 Qxh5 32. Rxh5 Re7 33. Re1 Bf8 34. Reh1 h6
35. R1h4 Ref7 36. f3 Rg7 37. Rf5 Rxf5 38. Bxf5 Rg5 39. Be6+ Kh7 40. Kf2 Be7 41.
Rh3 Kg7 42. a3 Rg6 43. Bf5 Rf6 44. Bg4 Rf8 45. Rh1 Bf6 46. Ke3 e4 47. Kxe4 Bxb2
48. a4 Re8+ 49. Be6 Bf6 50. f4 Bd8 51. g4 Kg6 52. Rh5 Bf6 53. Rf5 Re7 54. Kf3
Re8 55. Rh5 Re7 56. Rh1 Re8 57. Re1 Re7 58. Re2 Kg7 59. Rh2 Kg6 60. Rh5 Bd4 61.
Kg3 Bc3 62. Rh1 Bf6 63. Kf3 Re8 64. Bf5+ Kg7 65. Be4 Rf8 66. Rh5 Be5 67. Bf5 Bd4
68. Ke4 Bc3 69. g5 Rh8 70. Rh3 Be1 71. Re3 Re8+ 72. Be6 Bh4 73. gxh6+ Kh7 74.
Rh3 Bf6 75. Kf5 Rf8 76. Kg4 Bd4 77. Kg5 Bf6+ 78. Kg4 Bd4 79. Bf5+ Kh8 80. Bg6
Bb2 81. Rh1 Bc3 82. Rd1 Rg8 83. Kg5 Rf8 84. f5 Bf6+ 85. Kh5 Rd8 86. Re1 Rb8 87.
Re6 Rf8 88. Rxf6 Rxf6 89. Kg5 Rf8 90. f6 Rc8 91. f7 c6 92. dxc6 b5 93. cxb5 d5
94. b6 d4 95. b7 1-0

[Event "Druzynowe Mistrzostwa Polski Juniorow - II Liga"]
[Site "Iwonicz"]
[Date "2016-07-31"]
[Round "5.14"]
[White "Krol, Marcin"]
[Black "Janiszewski, Filip"]
[Result "0-1"]
[WhiteTitle "I"]
[BlackTitle "I+"]
[WhiteElo "1626"]
[BlackElo "1996"]

1. Nf3 Nf6 2. d4 g6 3. c4 Bg7 4. g3 O-O 5. Bg2 d6 6. Nc3 Nbd7 7. O-O e5 8. dxe5
dxe5 9. Qc2 c6 10. b3 Qe7 11. a4 a5 12. Ba3 Nc5 13. Rad1 Bf5 14. e4 Bg4 15. h3
Bxf3 16. Bxf3 Rfd8 17. Rxd8+ Rxd8 18. Rd1 Bf8 19. Kg2 Qc7 20. Bxc5 Bxc5 21. Rxd8+
Qxd8 22. Ne2 Kg7 23. Qc3 Qc7 24. Nc1 h5 25. h4 Nd7 26. Nd3 Bd4 27. Qc2 Nf8 28.
Nc1 Qb6 29. g4 hxg4 30. Bxg4 Qd8 31. Kg3 Nh7 32. Qd2 Nf6 33. f3 b6 34. Nd3 Qd6
35. Kg2 Qa3 36. Nc1 Qa1 37. Ne2 Bc5 38. Qc1 Qa2 39. Qd1 Qb2 40. Kh3 Bd4 41. Kg3
c5 42. Kg2 Ne8 43. Kg3 Nc7 44. Bc8 Kf8 45. Bb7 Ke7 46. Kg4 f6 47. Kg3 Ne6 48.
Bc8 Nd8 49. Kg4 Nc6 50. Bb7 Nb4 51. Bd5 Nc2 52. Qd3 Qb1 53. Ng3 Ne3+ 0-1

[Event "Druzynowe Mistrzostwa Polski Juniorow - II Liga"]
[Site "Iwonicz"]
[Date "2016-07-31"]
[Round "5.15"]
[White "Skurniak, Szymon"]
[Black "Nowak, Mikolaj"]
[Result "0-1"]
[WhiteTitle "I"]
[BlackTitle "I++"]
[WhiteElo "1603"]
[BlackElo "2091"]

1. e4 e5 2. Nf3 Nc6 3. Bb5 a6 4. Ba4 Nf6 5. O-O Nxe4 6. d4 b5 7. Bb3 d5 8. dxe5
Be6 9. c3 Be7 10. Bc2 O-O 11. Nbd2 Nc5 12. Nb3 Nd7 13. Bf4 Re8 14. h3 Nf8 15.
Nbd4 Nxd4 16. cxd4 c5 17. g4 c4 18. Bg3 b4 19. Ne1 Bh4 20. Bh2 f6 21. f4 fxe5
22. fxe5 Bxe1 23. Qxe1 Qb6 24. Rd1 a5 25. Qh4 Bf7 26. g5 a4 27. Rxf7 Kxf7 28.
Bxh7 Ke7 29. Rf1 Ne6 30. Bf5 Qxd4+ 31. Qxd4 Nxd4 32. Bg6 Rf8 0-1

[Event "Druzynowe Mistrzostwa Polski Juniorow - II Liga"]
[Site "Iwonicz"]
[Date "2016-07-31"]
[Round "5.16"]
[White "Klimkowski, Jan"]
[Black "Ochedzan, Tymon"]
[Result "1/2-1/2"]
[WhiteTitle "II"]
[BlackTitle "II+"]
[WhiteElo "1443"]
[BlackElo "1636"]

1. e4 c5 2. Nf3 d6 3. d4 cxd4 4. Nxd4 Nf6 5. Nc3 a6 6. Bg5 e6 7. f4 h6 8. Bh4 Qb6
9. a3 Nbd7 10. Bc4 Be7 11. Bb3 O-O 12. Qd2 Nxe4 13. Nxe4 Bxh4+ 14. g3 Be7 15.
f5 Nf6 16. Nc3 exf5 17. O-O-O Ne4 18. Nxe4 fxe4 19. h4 Bf6 20. Rhf1 Bg4 21. Rxf6
Bxd1 22. Qxd1 gxf6 23. Qg4+ Kh8 24. Qh5 Qxd4 25. Qxh6+ Kg8 26. Qg6+ Kh8 27. Qh6+
1/2-1/2

[Event "Druzynowe Mistrzostwa Polski Juniorow - II Liga"]
[Site "Iwonicz"]
[Date "2016-07-31"]
[Round "5.17"]
[White "Wawrzyniak, Weronika"]
[Black "Dwilewicz, Katarzyna"]
[Result "0-1"]
[WhiteTitle "I"]
[BlackTitle "I++"]
[WhiteElo "1322"]
[BlackElo "1786"]

1. f4 d5 2. Nf3 Nf6 3. b3 g6 4. Bb2 Bg7 5. e3 c5 6. Be2 O-O 7. O-O Nbd7 8. h3 b6
9. d3 Bb7 10. Nbd2 Re8 11. Ne5 Nxe5 12. Bxe5 Nd7 13. Bxg7 Kxg7 14. Nf3 e5 15.
f5 e4 16. Nh2 Qg5 17. fxg6 hxg6 18. dxe4 Qxe3+ 19. Kh1 Rxe4 20. Bf3 Rd4 21. Qe1
Re8 22. Qxe3 Rxe3 23. Rae1 Rxe1 24. Rxe1 Kf8 25. Ng4 Rd2 26. Ne3 Ne5 27. Rf1 Nxf3
28. gxf3 d4 29. Nc4 Rxc2 30. Nd6 Bd5 31. Re1 Bxf3+ 32. Kg1 d3 33. Re8+ Kg7 34.
Nc4 Rxc4 35. bxc4 d2 36. Rd8 d1=Q+ 37. Rxd1 Bxd1 38. Kf2 Bc2 39. Ke3 Kf6 40. Kd2
Bb1 41. a4 Ke5 42. Kc3 f5 43. Kb3 f4 44. a5 f3 45. axb6 axb6 46. Ka4 f2 47. Kb5
f1=Q 48. Kxb6 Qxc4 49. Kc6 Be4+ 50. Kd7 Qe6+ 51. Kc7 Qc6+ 52. Kd8 Qb7 53. Ke8
Ke6 54. Kf8 Qf7# 0-1

[Event "Druzynowe Mistrzostwa Polski Juniorow - II Liga"]
[Site "Iwonicz"]
[Date "2016-07-31"]
[Round "5.18"]
[White "Waligora, Julia"]
[Black "Barwinska, Ewa"]
[Result "1/2-1/2"]
[WhiteTitle "I"]
[BlackTitle "II+"]
[WhiteElo "1349"]
[BlackElo "1239"]

1. e4 c5 2. Nf3 e6 3. d4 cxd4 4. Nxd4 Nc6 5. Nc3 Bb4 6. Nxc6 bxc6 7. Bd2 Qc7 8.
Bd3 Nf6 9. O-O O-O 10. f4 Ba6 11. Bxa6 Qb6+ 12. Kh1 Qxa6 13. e5 Ne8 14. a3 Be7
15. Ne4 d5 16. exd6 Nxd6 17. Nxd6 Bxd6 18. Bc3 Rfd8 19. Qg4 Bf8 20. Rf3 Qe2 21.
Rg3 Qxg4 22. Rxg4 Rd5 23. Rg3 Rad8 24. Re3 Rd1+ 25. Rxd1 Rxd1+ 26. Re1 Rxe1+ 27.
Bxe1 g6 28. Bc3 Bg7 29. Bxg7 Kxg7 30. Kg1 f5 31. Kf2 Kf6 32. Ke3 e5 33. fxe5+
Kxe5 34. g3 h6 35. b4 a6 36. a4 g5 37. h4 1/2-1/2

[Event "Druzynowe Mistrzostwa Polski Juniorow - II Liga"]
[Site "Iwonicz"]
[Date "2016-07-31"]
[Round "5.19"]
[White "Wisniewski, Jacek"]
[Black "Brozyna, Mateusz"]
[Result "1/2-1/2"]
[WhiteTitle "k"]
[BlackTitle "I"]
[WhiteElo "1989"]
[BlackElo "1831"]

1. e4 c5 2. Nf3 e6 3. d4 cxd4 4. Nxd4 Nf6 5. Nc3 d6 6. g4 e5 7. Bb5+ Bd7 8. Bxd7+
Qxd7 9. Nf5 h5 10. f3 hxg4 11. fxg4 Nc6 12. Bg5 Nh7 13. Bh4 g6 14. Ne3 Be7 15.
Bxe7 Qxe7 16. h4 O-O-O 17. Qd3 Nf6 18. O-O-O Qe6 19. g5 Ng4 20. Rdf1 Nxe3 21.
Qxe3 Kb8 22. Nd5 Ne7 23. Nxe7 Qxe7 24. Qb3 Rxh4 25. Rxh4 Qxg5+ 26. Rhf4 exf4 27.
Qxf7 d5 28. Qxf4+ Qxf4+ 29. Rxf4 dxe4 30. Rxe4 Rd6 31. Re7 a6 32. c4 Ka7 33. Kc2
Kb6 34. Kc3 Kc6 35. Rg7 a5 36. b4 axb4+ 37. Kxb4 Rf6 38. a4 b6 39. Ra7 Rf1 40.
Rg7 Rf6 41. Ra7 Rf1 42. Rg7 1/2-1/2

[Event "Druzynowe Mistrzostwa Polski Juniorow - II Liga"]
[Site "Iwonicz"]
[Date "2016-07-31"]
[Round "5.20"]
[White "Piwowarczyk, Arkadiusz"]
[Black "Maminski, Hubert"]
[Result "0-1"]
[WhiteTitle "II"]
[BlackTitle "I"]
[WhiteElo "1568"]
[BlackElo "1801"]

1. d4 Nf6 2. Nf3 g6 3. Bf4 Bg7 4. e3 O-O 5. h3 d5 6. Bd3 Nbd7 7. O-O b6 8. Nbd2
Bb7 9. c3 c5 10. Rc1 Rc8 11. Re1 Ne4 12. Qc2 Nxd2 13. Qxd2 Re8 14. Bb5 a6 15.
Bxd7 Qxd7 16. Red1 e6 17. Ne5 Qe7 18. Bg3 f6 19. Nd3 e5 20. Re1 Qf7 21. f4 e4
22. Nf2 f5 23. Bh2 a5 24. g4 Ba6 25. Kh1 cxd4 26. cxd4 Qd7 27. b3 Bf8 28. Rg1
Kh8 29. gxf5 gxf5 30. Qb2 Qf7 31. Bg3 Qh5 32. Kh2 Be7 33. Rxc8 Rxc8 34. Rc1 Qe8
35. Rxc8 Qxc8 36. Nh1 Bd3 37. Nf2 Qc2 38. Qa1 Bb4 39. Bh4 Qb1 40. Qxb1 Bxb1 41.
a3 Bxa3 42. Bd8 Bc2 43. Bxb6 Bb4 0-1

[Event "Druzynowe Mistrzostwa Polski Juniorow - II Liga"]
[Site "Iwonicz"]
[Date "2016-07-31"]
[Round "5.21"]
[White "Golecki, Jan"]
[Black "Suder, Jakub"]
[Result "0-1"]
[WhiteTitle "I+"]
[BlackTitle "I"]
[WhiteElo "1758"]
[BlackElo "1751"]

1. e4 c5 2. Nf3 e6 3. d4 cxd4 4. Nxd4 Nf6 5. Nc3 Nc6 6. Ndb5 Bb4 7. a3 Bxc3+ 8.
Nxc3 d5 9. exd5 exd5 10. Bd3 O-O 11. O-O d4 12. Ne2 Bg4 13. f3 Bh5 14. Nf4 Bg6
15. Nxg6 hxg6 16. f4 Ne7 17. Bd2 Nfd5 18. Qg4 Qb6 19. Kh1 Rac8 20. h4 Rc6 21.
Qf3 Rd8 22. Rfe1 Re6 23. Rxe6 Qxe6 24. Re1 Qf6 25. h5 Qh4+ 26. Qh3 Qxh5 27. Qxh5
gxh5 28. g3 g6 29. Kg2 Kg7 30. Kf3 Kf6 31. Be4 Rd7 32. Rd1 Ke6 33. Bc1 Nc6 34.
g4 hxg4+ 35. Kg3 f5 36. Bg2 Re7 37. c3 Kd6 38. cxd4 Ne3 39. Bxe3 Rxe3+ 40. Kf2
Rb3 41. Rd2 Na5 42. Rc2 b5 43. d5 Nc4 44. a4 Rxb2 45. Rxb2 Nxb2 46. axb5 Nd1+
47. Kg3 Ne3 48. Bh1 Nxd5 49. Bg2 Nc7 50. Bc6 a6 51. Bg2 axb5 52. Kh4 Ne6 53. Kg3
b4 54. Bf1 b3 55. Bc4 Nc5 56. Kh4 b2 57. Ba2 Ne6 58. Kg3 Kc5 59. Bxe6 b1=Q 60.
Kh4 Kd6 61. Bf7 Ke7 62. Bxg6 Kf6 63. Kg3 Qg1+ 0-1

[Event "Druzynowe Mistrzostwa Polski Juniorow - II Liga"]
[Site "Iwonicz"]
[Date "2016-07-31"]
[Round "5.22"]
[White "Piwowarczyk, Bartlomiej"]
[Black "Redzisz, Michal"]
[Result "1/2-1/2"]
[WhiteTitle "II+"]
[BlackTitle "II"]
[WhiteElo "1425"]
[BlackElo "1756"]

1. e4 c5 2. Nf3 d6 3. c3 Nf6 4. d4 Nxe4 5. Bd3 Nf6 6. dxc5 dxc5 7. Bb5+ Bd7 8.
Bc4 e6 9. O-O Be7 10. Be3 O-O 11. Re1 Bc6 12. Ne5 Bd5 13. Nd2 Nbd7 14. Bf4 Nb6
15. Be2 Bd6 16. c4 Bxe5 17. Bxe5 Bc6 18. b3 Qe7 19. Nf3 Rfd8 20. Qc2 Nbd7 21.
Rad1 Nxe5 22. Nxe5 Be4 23. Qc3 Rxd1 24. Rxd1 Rd8 25. Re1 h6 26. h3 Qd6 27. Rd1
Qc7 28. Re1 Rd4 29. Nf3 Bxf3 30. Bxf3 b6 31. b4 Qd6 32. b5 Rd3 33. Qc2 Rd2 34.
Qa4 Qc7 35. Bc6 Rd6 36. g3 a5 37. Qb3 Rd4 38. Rc1 Qd6 39. Qf3 Rd3 40. Qe2 Qd4
41. Kg2 Rd2 42. Qf3 Rd3 43. Qe2 Nd7 44. Rc2 Ne5 45. Be4 Rd1 46. Rb2 Nxc4 47. Rc2
Rd2 48. Rxd2 Nxd2 49. Bd3 Qc3 50. Qe3 Qb4 51. a3 Qb2 52. Qf4 1/2-1/2

[Event "Druzynowe Mistrzostwa Polski Juniorow - II Liga"]
[Site "Iwonicz"]
[Date "2016-07-31"]
[Round "5.23"]
[White "Kozaczynska, Aleksandra"]
[Black "Kasperek, Kinga"]
[Result "0-1"]
[WhiteTitle "I++"]
[BlackTitle "I"]
[WhiteElo "1683"]
[BlackElo "1585"]

1. e4 c5 2. Nc3 Nc6 3. g3 g6 4. Bg2 Bg7 5. d3 d6 6. f4 Nf6 7. Nf3 Bd7 8. O-O O-O
9. h3 Rb8 10. Be3 b5 11. a3 Qc7 12. g4 b4 13. axb4 Nxb4 14. Nh4 Nc6 15. Rb1 Nd4
16. f5 Bc6 17. Ne2 Nxe2+ 18. Qxe2 Nd7 19. b3 Qb7 20. Bf4 Rbd8 21. g5 Qb6 22. Kh1
a5 23. Qe1 Qb4 24. Qg3 Qc3 25. Rbc1 a4 26. bxa4 Bxa4 27. Bf3 Bc6 28. Rf2 Ra8 29.
Bd2 Qe5 30. Bf4 Qc3 31. Bd2 Qe5 32. Bf4 Qc3 33. Kg2 Ra2 34. Bg4 Ne5 35. Nf3 Rb8
36. Nxe5 Bxe5 37. Bxe5 Qxe5 38. Qh4 Rbb2 39. f6 exf6 40. gxf6 h5 41. Bf3 Ba4 42.
Bd1 Bb5 43. Rd2 Qc3 44. Qg5 Bxd3 45. Qe3 Bxe4+ 46. Kf2 Qxe3+ 47. Kxe3 d5 48. Bf3
Ra3+ 49. c3 Rxd2 50. Bxe4 Rh2 51. Bxd5 Rxh3+ 52. Kf4 Rhxc3 53. Rb1 Ra7 54. Rb8+
Kh7 55. Re8 Ra6 56. Kg5 Rg3+ 57. Kf4 Rg4+ 58. Ke5 Rg5+ 59. Ke4 Rxf6 0-1

[Event "Druzynowe Mistrzostwa Polski Juniorow - II Liga"]
[Site "Iwonicz"]
[Date "2016-07-31"]
[Round "5.24"]
[White "Laszczuk, Zuzanna"]
[Black "Zyznowska, Marianna"]
[Result "1-0"]
[WhiteTitle "I"]
[BlackTitle "II+"]
[WhiteElo "1043"]
[BlackElo "1122"]

1. e4 Nc6 2. Nf3 d5 3. exd5 Qxd5 4. Nc3 Qa5 5. Bb5 Bd7 6. d4 O-O-O 7. Be3 e6 8.
Bxc6 Bxc6 9. Ne5 Be8 10. O-O c5 11. d5 Nf6 12. Bg5 Be7 13. Nc4 Qa6 14. Ne3 h6
15. Bxf6 Bxf6 16. Qf3 Kb8 17. Rfd1 Ka8 18. dxe6 Rxd1+ 19. Rxd1 Qxe6 20. Ncd5 Bc6
21. c3 Re8 22. Nc7+ Kb8 23. Nxe6 Bxf3 24. Nxg7 Bxg7 25. gxf3 Rg8 26. Kf1 Kc7 27.
Nd5+ Kb8 28. Ne7 Re8 29. Nf5 Rg8 30. Rd7 Be5 31. Nxh6 Rg6 32. Ng4 Bc7 33. Rxf7
a6 34. h4 Rg8 35. h5 Rh8 36. h6 Bd6 37. h7 Bf8 38. Nf6 Kc8 39. Kg2 b5 40. Kh3
b4 41. cxb4 cxb4 42. Kg4 a5 43. Kh5 a4 44. b3 axb3 45. axb3 Kd8 46. Kg6 Kc8 47.
Rxf8+ Rxf8 48. Kg7 Rd8 49. h8=Q Rxh8 50. Kxh8 Kc7 51. Nd5+ Kc6 52. Nxb4+ Kb5 53.
f4 Kxb4 54. f5 Kxb3 55. f6 Kc3 56. f7 Kd2 57. f8=Q Ke2 58. Qf4 Kd3 59. Kg7 Kc3
60. Qe4 Kb3 1-0

[Event "Druzynowe Mistrzostwa Polski Juniorow - II Liga"]
[Site "Iwonicz"]
[Date "2016-07-31"]
[Round "5.25"]
[White "Domanski, Lukasz"]
[Black "Fus, Jakub"]
[Result "1/2-1/2"]
[WhiteTitle "I++"]
[BlackTitle "I++"]
[WhiteElo "2001"]
[BlackElo "2025"]

1. e4 e6 2. d4 d5 3. Nc3 Bb4 4. exd5 exd5 5. Bd3 Nc6 6. a3 Bxc3+ 7. bxc3 Nge7 8.
Qh5 Be6 9. Rb1 b6 10. Nf3 Qd7 11. Ng5 O-O-O 12. Nxe6 Qxe6+ 13. Be3 g6 14. Qf3
Nf5 15. O-O Nxe3 16. Rfe1 Rhe8 17. Rxe3 Qd7 18. Bb5 Rxe3 19. Qxe3 Re8 20. Qd3
Re6 21. c4 dxc4 22. Qf3 Qe7 23. g3 Nb8 24. Qa8 Re1+ 25. Rxe1 Qxe1+ 26. Kg2 Qa5
27. Bc6 Qa6 28. a4 b5 29. axb5 Qb6 30. d5 a6 31. bxa6 Qxa6 32. Qxa6+ Nxa6 33.
c3 Kd8 34. Kf3 Ke7 35. Ke4 Kd6 36. Kd4 Nc5 37. f4 Nb3+ 38. Kxc4 Nd2+ 39. Kd3 Nf1
40. Kd4 Nxh2 41. c4 f6 42. c5+ Ke7 43. Bb5 Nf3+ 44. Ke3 Nh2 45. Be2 h5 46. Kf2
f5 47. Ke3 Ng4+ 48. Kd4 Kd7 49. Bf3 Nh2 50. Be2 Ng4 51. Bb5+ Ke7 52. d6+ cxd6
53. cxd6+ Kxd6 54. Be8 Nf6 55. Bxg6 Ne4 56. Bxh5 Nxg3 57. Bf3 1/2-1/2

[Event "Druzynowe Mistrzostwa Polski Juniorow - II Liga"]
[Site "Iwonicz"]
[Date "2016-07-31"]
[Round "5.26"]
[White "Rzeszowski, Dominik"]
[Black "Norek, Bartosz"]
[Result "1-0"]
[WhiteTitle "I"]
[BlackTitle "II+"]
[WhiteElo "1853"]
[BlackElo "1686"]

1. e4 c5 2. Nc3 a6 3. g3 b5 4. Bg2 Bb7 5. d3 e6 6. f4 Be7 7. Nf3 b4 8. Ne2 Nf6
9. O-O d5 10. e5 Nfd7 11. Bd2 Nc6 12. Qe1 Qc7 13. Kh1 h5 14. h3 O-O-O 15. c3 bxc3
16. bxc3 f6 17. Rb1 fxe5 18. fxe5 Ndxe5 19. Nf4 Qd6 20. d4 Nxf3 21. Bxf3 Rh6 22.
Nxh5 g5 23. Bg4 Rdh8 24. Ng7 Nd8 25. Qe3 Bf8 26. Qxg5 Bxg7 27. Qxg7 R6h7 28. Qg6
1-0

[Event "Druzynowe Mistrzostwa Polski Juniorow - II Liga"]
[Site "Iwonicz"]
[Date "2016-07-31"]
[Round "5.27"]
[White "Norek, Maciej"]
[Black "Czernek, Tymon"]
[Result "0-1"]
[WhiteTitle "II"]
[BlackTitle "I"]
[WhiteElo "1200"]
[BlackElo "1867"]

1. e4 c5 2. Nf3 d6 3. d4 cxd4 4. Nxd4 Nf6 5. Nc3 a6 6. f4 e6 7. h3 Nc6 8. Be3 Be7
9. Qf3 Bd7 10. g4 h6 11. O-O-O Rc8 12. f5 Nxd4 13. Bxd4 e5 14. Be3 Qa5 15. Kb1
Rxc3 16. bxc3 Nxe4 17. Qxe4 Bc6 18. Qc4 Bxh1 19. Qc8+ Qd8 20. Qxd8+ Kxd8 21. Bxa6
bxa6 22. Rxh1 Bg5 23. Bf2 Kd7 24. Rd1 Rc8 25. Kb2 Rb8+ 26. Ka3 Kc6 27. c4 Be7
28. Rd5 Rb1 29. Ra5 d5+ 30. c5 d4 31. Rxa6+ Kxc5 32. Ka4 Rb4+ 33. Ka3 Kb5 34.
Ra7 Ra4+ 35. Kb2 Rxa7 0-1

[Event "Druzynowe Mistrzostwa Polski Juniorow - II Liga"]
[Site "Iwonicz"]
[Date "2016-07-31"]
[Round "5.28"]
[White "Baum, Jonasz"]
[Black "Wielgus, Wojciech"]
[Result "1-0"]
[WhiteTitle "I"]
[BlackTitle "II"]
[WhiteElo "1826"]
[BlackElo "1118"]

1. e4 c5 2. Nf3 d6 3. d4 cxd4 4. Nxd4 Nf6 5. Nc3 Nc6 6. Bc4 e6 7. Be3 Be7 8. Bb3
a6 9. Qe2 O-O 10. O-O-O Qc7 11. g4 Nxd4 12. Rxd4 Nd7 13. g5 Nc5 14. Qh5 Bd7 15.
e5 dxe5 16. Rh4 h6 17. Bxc5 Qxc5 18. Ne4 Qc6 19. Rg1 Rfc8 20. gxh6 1-0

[Event "Druzynowe Mistrzostwa Polski Juniorow - II Liga"]
[Site "Iwonicz"]
[Date "2016-07-31"]
[Round "5.29"]
[White "Hryn, Zofia"]
[Black "Tkaczyk, Weronika"]
[Result "0-1"]
[WhiteTitle "I"]
[BlackTitle "I"]
[WhiteElo "1531"]
[BlackElo "1570"]

1. f4 d5 2. Nf3 Nc6 3. g3 Nf6 4. Bg2 Bf5 5. d3 Qd7 6. c3 e6 7. Nbd2 Bd6 8. O-O
h6 9. Nb3 Qe7 10. Qe1 e5 11. fxe5 Nxe5 12. Nxe5 Qxe5 13. Bf4 Qe6 14. Bxd6 cxd6
15. e4 Bg6 16. exd5 Qxe1 17. Raxe1+ Kd7 18. Rd1 Rhe8 19. d4 Kc7 20. Rfe1 Ng4 21.
Bf3 Ne3 22. Rd2 Nc4 23. Rde2 Rxe2 24. Rxe2 Kd8 25. Nc1 Rc8 26. b3 Na3 27. c4 Nb5
28. cxb5 Rxc1+ 29. Kf2 Bd3 30. Rd2 Bxb5 31. Be2 Bd7 32. Kf3 Bf5 33. Ke3 Ke7 34.
Bd3 Bg4 35. Kf4 h5 36. Be2 Bxe2 37. Rxe2+ Kf6 38. Rf2 Re1 39. h4 g6 40. Kf3 Ke7
41. Re2+ Rxe2 42. Kxe2 Kf6 43. Ke3 Kf5 44. Kf3 f6 45. b4 g5 46. b5 Kg6 47. a3
f5 48. hxg5 Kxg5 49. a4 b6 0-1

[Event "Druzynowe Mistrzostwa Polski Juniorow - II Liga"]
[Site "Iwonicz"]
[Date "2016-07-31"]
[Round "5.30"]
[White "Tarka, Aleksandra"]
[Black "Hryn, Aleksandra"]
[Result "1/2-1/2"]
[WhiteTitle "I"]
[BlackTitle "I"]
[WhiteElo "1449"]
[BlackElo "1471"]

1. d4 Nf6 2. Bg5 Ne4 3. Bf4 c5 4. Nd2 Nxd2 5. Qxd2 cxd4 6. Qxd4 Nc6 7. Qd2 e6 8.
e4 Be7 9. Nf3 O-O 10. Rd1 Re8 11. e5 f6 12. Be2 fxe5 13. Nxe5 d5 14. O-O Nxe5
15. Bxe5 Bf6 16. Qc3 Bd7 17. Qg3 Bxe5 18. Qxe5 Qf6 19. Qxf6 gxf6 20. c4 Bc6 21.
Rd2 Rac8 22. cxd5 Bxd5 23. a3 Rc7 24. f4 f5 25. Bf3 Bxf3 26. Rxf3 Rec8 27. Rff2
Rc1+ 28. Rf1 R1c2 29. Rff2 Rxd2 30. Rxd2 Rc7 31. Kf2 Kf7 32. Ke3 Kf6 33. Kf3 Rg7
34. Rd6 Ke7 35. Rd2 Kf6 36. Rd6 Ke7 37. Rd2 a6 38. Rd3 h6 39. Rd2 Rf7 40. Rd3
Kf6 41. Rd6 Ke7 42. Rd3 Kf6 43. Rd6 Ke7 44. Rd3 Kf6 45. Rd6 Rc7 46. Rd2 e5 47.
Rd6+ Kf7 48. fxe5 1/2-1/2

[Event "Druzynowe Mistrzostwa Polski Juniorow - II Liga"]
[Site "Iwonicz"]
[Date "2016-07-31"]
[Round "5.31"]
[White "Lizak, Jakub"]
[Black "Golenia, Wojciech"]
[Result "1/2-1/2"]
[WhiteTitle "k"]
[BlackTitle "I+"]
[WhiteElo "2131"]
[BlackElo "1967"]

1. b3 e5 2. Bb2 Nc6 3. e3 Nf6 4. Bb5 d6 5. Bxc6+ bxc6 6. Ne2 Be7 7. O-O O-O 8.
f4 e4 9. c4 d5 10. Qc2 Rb8 11. Rc1 Bd6 12. h3 Re8 13. Nd4 Bd7 14. cxd5 cxd5 15.
Ba3 Bxa3 16. Nxa3 c6 17. Nxc6 Bxc6 18. Qxc6 Qa5 19. Nb1 Rxb3 20. Rc5 Rxb1+ 21.
Rxb1 Qxd2 22. Rb3 h6 23. Rc1 Qxa2 24. Qc2 Qa6 25. Qd1 Qd6 26. Qd4 Ra8 27. Rb5
Qd7 28. Ra5 a6 29. Qc5 Rd8 30. Qd4 Ra8 31. Qe5 Qd8 32. Qc7 d4 33. Qxd8+ Rxd8 34.
exd4 Rxd4 35. Rxa6 Nh5 36. Ra8+ Kh7 37. f5 Ng3 38. Ra2 1/2-1/2

[Event "Druzynowe Mistrzostwa Polski Juniorow - II Liga"]
[Site "Iwonicz"]
[Date "2016-07-31"]
[Round "5.32"]
[White "Golenia, Jan"]
[Black "Tustanowski, Mateusz"]
[Result "1-0"]
[WhiteTitle "I"]
[BlackTitle "I++"]
[WhiteElo "1860"]
[BlackElo "1957"]

1. d4 Nf6 2. c4 e6 3. Nf3 b6 4. g3 Bb7 5. Bg2 d6 6. O-O Nbd7 7. Nc3 c5 8. b3 Be7
9. Bb2 O-O 10. Re1 Ne4 11. Qc2 Nxc3 12. Bxc3 f5 13. Qb2 Bf6 14. Rad1 Qe7 15. e3
Rad8 16. Re2 e5 17. Ne1 e4 18. Bh3 g6 19. Ng2 Qf7 20. Red2 cxd4 21. Bxd4 Ne5 22.
Bxe5 Bxe5 23. Qa3 g5 24. Ne1 a5 25. Nc2 d5 26. Qa4 Bc3 27. Nd4 dxc4 28. Rc2 Bxd4
29. Rxd4 Rxd4 30. exd4 cxb3 31. axb3 f4 32. Qb5 Qh5 33. Be6+ Kg7 34. Qe5+ Kh6
35. g4 Qg6 36. Bf5 Qg7 37. Rc7 Rxf5 38. Qxg7# 1-0

[Event "Druzynowe Mistrzostwa Polski Juniorow - II Liga"]
[Site "Iwonicz"]
[Date "2016-07-31"]
[Round "5.33"]
[White "Kukula, Karol"]
[Black "Gawor, Jan Pawel"]
[Result "1/2-1/2"]
[WhiteTitle "II"]
[BlackTitle "II"]
[WhiteElo "1550"]
[BlackElo "1647"]

1. e4 c5 2. Nf3 Nc6 3. Bb5 e6 4. O-O Nge7 5. Nc3 a6 6. Bxc6 Nxc6 7. d4 cxd4 8.
Nxd4 Bb4 9. f4 Qc7 10. Be3 O-O 11. Nce2 e5 12. Nf5 Ne7 13. Nxe7+ Bxe7 14. f5 b5
15. Nc3 Bb7 16. Rf2 Kh8 17. Nd5 Bxd5 18. Qxd5 f6 19. Rd1 Rfd8 20. Rfd2 Rac8 21.
c3 d6 22. Kf2 Qc4 23. Kf3 Qxd5 24. Rxd5 Rc4 25. R1d2 Rdc8 26. a3 Kg8 27. R2d3
Kf7 28. Rd2 g5 29. h3 h5 30. Bf2 R8c6 1/2-1/2

[Event "Druzynowe Mistrzostwa Polski Juniorow - II Liga"]
[Site "Iwonicz"]
[Date "2016-07-31"]
[Round "5.34"]
[White "Krawczyk, Wojciech"]
[Black "Szeliga, Sebastian"]
[Result "0-1"]
[WhiteTitle "II+"]
[BlackTitle "II"]
[WhiteElo "1476"]
[BlackElo "1228"]

1. e4 e5 2. Nf3 Nf6 3. d4 exd4 4. Qxd4 Nc6 5. Qe3 d6 6. h3 Ne5 7. Nxe5 dxe5 8.
Bc4 Bd6 9. O-O b6 10. b3 Bb7 11. Bd3 Bc5 12. Qg3 Qd6 13. Bb2 O-O-O 14. Nd2 Bd4
15. Bxd4 Qxd4 16. Nf3 Qd6 17. Rfe1 Rde8 18. a4 a5 19. Rad1 Qe7 20. Nh2 g6 21.
Qe3 Nd7 22. Rd2 Nc5 23. Red1 Rd8 24. Nf1 Rd6 25. Ng3 Rhd8 26. Ne2 Bxe4 27. Bxe4
Rxd2 28. Bf5+ gxf5 29. Rxd2 Rxd2 30. Qxd2 Qd6 31. Qxd6 cxd6 32. Ng3 f4 33. Nf5
Kd7 34. g4 fxg3 35. fxg3 Ne4 36. Kg2 Ke6 37. Ne3 Kd7 38. Kf3 Nf6 39. g4 Ng8 40.
Ke4 Ne7 41. Nd5 Nxd5 42. Kxd5 h6 43. h4 f6 44. c3 Kc7 45. Ke4 Kd8 46. Kf5 Ke7
47. b4 Kf7 48. b5 d5 49. h5 e4 50. c4 dxc4 51. Kxe4 Ke6 52. Kd4 c3 53. Kxc3 Ke5
54. Kc4 Ke4 55. Kc3 Kf4 56. Kd4 Kxg4 57. Kd5 f5 58. Kc6 f4 59. Kxb6 f3 60. Kxa5
f2 61. Kb6 f1=Q 62. a5 Qf6+ 63. Ka7 Qe7+ 64. Ka6 Qd8 65. b6 Qa8+ 66. Kb5 Kf5 67.
a6 Qd5+ 68. Kb4 Qc6 69. b7 Qb6+ 70. Kc3 Ke6 71. Kd2 Kd6 72. Ke1 Kc7 73. Ke2 Qxa6+
0-1

[Event "Druzynowe Mistrzostwa Polski Juniorow - II Liga"]
[Site "Iwonicz"]
[Date "2016-07-31"]
[Round "5.35"]
[White "Wojcik, Jagoda"]
[Black "Debowska, Michalina"]
[Result "1-0"]
[WhiteTitle "I+"]
[BlackTitle "II+"]
[WhiteElo "1609"]
[BlackElo "1432"]

1. e4 c5 2. Nf3 Nc6 3. Bb5 g6 4. O-O Bg7 5. c3 a6 6. Ba4 e6 7. d4 cxd4 8. cxd4
b5 9. Bc2 Nge7 10. Nc3 O-O 11. Bf4 d5 12. e5 Bb7 13. h4 Rc8 14. h5 Qd7 15. Ng5
h6 16. Nh3 Nf5 17. hxg6 fxg6 18. Qg4 Qf7 19. Be3 Nb4 20. Bb1 Nxe3 21. fxe3 Qxf1+
22. Kh2 Rce8 23. Qxg6 Rf7 24. Nf4 Qf2 25. Qh7+ Kf8 26. Ng6# 1-0